000 00427nam a22001697a 4500
005 20160511123246.0
008 160511b xxu||||| |||| 00| 0 eng d
020 _a81-259-1470-6
041 _aeng
082 _b1278
100 _aMaheshwari SN
_9327
245 _aPrablems and Salotions Advanced Accountancy
260 _bVikas Publishing house Pvt. Ltd.
_c1989
300 _a4.335
650 _aManagement
_9241
942 _cBK
999 _c546
_d546